| 000 | 00883cab a2200277 4500 | ||
|---|---|---|---|
| 001 | WB3243-52 | ||
| 008 | 090401t1996 xxu||||| |||| 00| 0 eng d | ||
| 035 | _a(Sirsi) u50450 | ||
| 041 | _aeng | ||
| 245 | _aHampshire and its cities | ||
| 260 | _c1996 | ||
| 300 | _aLOAN | ||
| 350 | _a0 | ||
| 490 |
_aFinancial Times _v11 November 1996, (4) |
||
| 520 | _aSpecial feature on Portsmouth, Southampton and Basingstoke including the county`s infrastructure links and ports, the impact of universities and college of higher education on economic development, tourism and the effect of defence spending cuts on the region. | ||
| 650 | _aBASINGSTOKE | ||
| 650 | _aHAMPSHIRE | ||
| 650 |
_aInfrastructure _96246 |
||
| 650 | _aPORTS | ||
| 650 | _aPORTSMOUTH | ||
| 650 | _aSOUTHAMPTON | ||
| 650 | _aTOURISM | ||
| 690 | _aSPECIAL REPORTS | ||
| 942 | _n0 | ||
| 948 | _c04/03/1997 | ||
| 999 |
_c31484 _d31484 |
||